<?xml version="1.0" encoding="UTF-8"?><?xml-stylesheet type="text/xsl" href="static/style.xsl"?><OAI-PMH xmlns="http://www.openarchives.org/OAI/2.0/" xmlns:xsi="http://www.w3.org/2001/XMLSchema-instance" xsi:schemaLocation="http://www.openarchives.org/OAI/2.0/ http://www.openarchives.org/OAI/2.0/OAI-PMH.xsd"><responseDate>2026-04-29T16:56:08Z</responseDate><request verb="GetRecord" identifier="oai:repisalud.isciii.es:20.500.12105/26897" metadataPrefix="marc">https://repisalud.isciii.es/rest/oai/request</request><GetRecord><record><header><identifier>oai:repisalud.isciii.es:20.500.12105/26897</identifier><datestamp>2025-09-20T00:18:19Z</datestamp><setSpec>com_20.500.12105_26872</setSpec><setSpec>com_20.500.12105_5568</setSpec><setSpec>com_20.500.12105_2404</setSpec><setSpec>com_20.500.12105_2403</setSpec><setSpec>col_20.500.12105_26873</setSpec></header><metadata><record xmlns="http://www.loc.gov/MARC21/slim" xmlns:dcterms="http://purl.org/dc/terms/" xmlns:doc="http://www.lyncode.com/xoai" xmlns:xsi="http://www.w3.org/2001/XMLSchema-instance" xsi:schemaLocation="http://www.loc.gov/MARC21/slim http://www.loc.gov/standards/marcxml/schema/MARC21slim.xsd">
   <leader>00925njm 22002777a 4500</leader>
   <datafield ind2=" " ind1=" " tag="042">
      <subfield code="a">dc</subfield>
   </datafield>
   <datafield ind2=" " ind1=" " tag="720">
      <subfield code="a">Fontana, María</subfield>
      <subfield code="e">author</subfield>
   </datafield>
   <datafield ind2=" " ind1=" " tag="720">
      <subfield code="a">Roy Cordero, Álvaro</subfield>
      <subfield code="e">author</subfield>
   </datafield>
   <datafield ind2=" " ind1=" " tag="720">
      <subfield code="a">Guerras Moreira, Juan Miguel</subfield>
      <subfield code="e">author</subfield>
   </datafield>
   <datafield ind2=" " ind1=" " tag="720">
      <subfield code="a">Abascal, Estefanía</subfield>
      <subfield code="e">author</subfield>
   </datafield>
   <datafield ind2=" " ind1=" " tag="720">
      <subfield code="a">Herrera-Leon, Laura</subfield>
      <subfield code="e">author</subfield>
   </datafield>
   <datafield ind2=" " ind1=" " tag="720">
      <subfield code="a">Herrador, Zaida</subfield>
      <subfield code="e">author</subfield>
   </datafield>
   <datafield ind2=" " ind1=" " tag="260">
      <subfield code="c">2025-03-31</subfield>
   </datafield>
   <datafield ind2=" " ind1=" " tag="520">
      <subfield code="a">Introducción: El objetivo de este estudio fue describir la situación epidemiológica de la tuberculosis (TB) en España durante el año 2023 y su evolución temporal desde 2015. Método: Análisis descriptivo de los casos de TB notificados por las CCAA a la Red Nacional de Vigilancia Epidemiológica (RENAVE). Las variables analizadas fueron: sexo, edad, CCAA, país de nacimiento, fecha del caso, localización, coinfección con VIH, resultado del tratamiento, defunción y resistencia a antituberculostáticos. Se calcularon las tasas de notificación y se realizó estudio temporo-espacial a partir de las mismas. Resultados: En 2023, se notificaron un total de 3.944 casos autóctonos de TB (tasa de notificación de 8,2 por 100.000 habitantes). El % de casos fue superior en hombres (2.575 casos, 65,3%) y la localización principal fue la pulmonar (n=2.721,69%). La ratio nacidos en España/nacidos en otro país mostró un descenso progresivo entre 2015 y 2023 (de 2,2 a 1,1, respectivamente). En el 78,6% de los casos en los que se notificó el resultado del tratamiento este fue satisfactorio. Hubo un aumento del 7% en las tasas de notificación respecto a 2022 y un descenso del 22,5% respecto a 2015. Esta tendencia decreciente en las tasas se observó en la mayoría de las CCAA. El descenso fue más acusado para las formas pulmonares. Discusión: El perfil de los casos no muestra una variación significativa, excepto en relación al país de nacimiento. La tasa de notificación de TB descendió de 2015 a 2023, especialmente en las formas pulmonares, aunque el ritmo de descenso no parece suficiente para alcanzar las metas definidas en la Estrategia Fin de la Tuberculosis de la OMS.</subfield>
   </datafield>
   <datafield ind1="8" ind2=" " tag="024">
      <subfield code="a">Fontana M, Roy Cordero A, Guerras JM, Abascal E, Herrera L, Herrador Z. Vigilancia epidemiológica de la tuberculosis en España, 2023. BES 2025;33(1):12-22</subfield>
   </datafield>
   <datafield ind1="8" ind2=" " tag="024">
      <subfield code="a">2173-9277</subfield>
   </datafield>
   <datafield ind1="8" ind2=" " tag="024">
      <subfield code="a">Boletín Epidemiológico Semanal 2025 - Vol. 33. Nº 1</subfield>
   </datafield>
   <datafield ind1="8" ind2=" " tag="024">
      <subfield code="a">156240018</subfield>
   </datafield>
   <datafield ind1="8" ind2=" " tag="024">
      <subfield code="a">https://hdl.handle.net/20.500.12105/26897</subfield>
   </datafield>
   <datafield tag="653" ind2=" " ind1=" ">
      <subfield code="a">Tuberculosis</subfield>
   </datafield>
   <datafield tag="653" ind2=" " ind1=" ">
      <subfield code="a">Vigilamcia epidemiológica</subfield>
   </datafield>
   <datafield tag="653" ind2=" " ind1=" ">
      <subfield code="a">RENAVE</subfield>
   </datafield>
   <datafield ind2="0" ind1="0" tag="245">
      <subfield code="a">Vigilancia epidemiológica de la tuberculosis en España, 2023</subfield>
   </datafield>
</record></metadata></record></GetRecord></OAI-PMH>